IFM Opac

Spectral methods in econometrics (Record no. 14351)

MARC details
000 -LEADER
fixed length control field 00566nam a22001577a 4500
020 ## - INTERNATIONAL STANDARD BOOK NUMBER
International Standard Book Number 674831918
082 ## - DEWEY DECIMAL CLASSIFICATION NUMBER
Classification number 330FIS
100 ## - MAIN ENTRY--PERSONAL NAME
Personal name Fishman, Goerge
245 ## - TITLE STATEMENT
Title Spectral methods in econometrics
260 ## - PUBLICATION, DISTRIBUTION, ETC.
Place of publication, distribution, etc. London
Name of publisher, distributor, etc. Harvard university press
Date of publication, distribution, etc. 1969
300 ## - PHYSICAL DESCRIPTION
Extent xi,212p
Other physical details ill,:25cm
500 ## - GENERAL NOTE
General note Include Reference and index
650 ## - SUBJECT ADDED ENTRY--TOPICAL TERM
Topical term or geographic name entry element Spectral methods in econometrics
700 ## - ADDED ENTRY--PERSONAL NAME
Personal name Fishman, Goerge
942 ## - ADDED ENTRY ELEMENTS (KOHA)
Koha item type Books
Holdings
Withdrawn status Lost status Damaged status Not for loan Home library Current library Shelving location Date acquired Total Checkouts Full call number Barcode Date last seen Price effective from Koha item type
Withdrawn       IFM Main Campus Library IFM Main Campus Library Archival Collection 12/17/2015   330FIS 0000014340 12/17/2015 02/19/2022 Books